Population, Households, and CO2 Emissions

Gespeichert in:
Bibliographische Detailangaben
Format: Buch
Sprache:Englisch
Veröffentlicht: Laxenburg International Institute for Applied Systems Analysis 1996
Ausgabe:1. ed.
Schriftenreihe:RR-96-6
Schlagworte:
Tags: Tag hinzufügen
Keine Tags, Fügen Sie das erste Tag hinzu!

MARC

LEADER 00000nam a2200000 4500
001 c019192
005 20221214071554.8
041 0 |a eng 
044 |a AT 
245 1 0 |a Population, Households, and CO2 Emissions 
250 |a 1. ed. 
264 1 |a Laxenburg  |b International Institute for Applied Systems Analysis  |c 1996 
300 |a S. 849-865 
490 1 |a RR-96-6 
830 0 |a RR-96-6 
500 |a Reprinted from Population and Development Review, Vol. 21, Number 4 (December 1995) 
610 2 0 |a prostredie životné 
610 2 0 |a populácia 
610 2 0 |a domácnosti 
610 2 0 |a znečistenie ovzdušia